Agent-Oriented software Engineering II. (Record no. 5065)

MARC details
000 -LEADER
fixed length control field 00564nam a22002057a 4500
003 - CONTROL NUMBER IDENTIFIER
control field OSt
005 - DATE AND TIME OF LATEST TRANSACTION
control field 20160822181139.0
008 - FIXED-LENGTH DATA ELEMENTS--GENERAL INFORMATION
fixed length control field 160822b xxu||||| |||| 00| 0 eng d
020 ## - INTERNATIONAL STANDARD BOOK NUMBER
International Standard Book Number 3540432825
020 ## - INTERNATIONAL STANDARD BOOK NUMBER
International Standard Book Number 03029743
040 ## - CATALOGING SOURCE
Transcribing agency DDC.
082 ## - DEWEY DECIMAL CLASSIFICATION NUMBER
Classification number 005.1AGE 2002.
100 ## - MAIN ENTRY--PERSONAL NAME
Personal name Wooldridge,J.Michael;[et....al]
9 (RLIN) 10863
245 ## - TITLE STATEMENT
Title Agent-Oriented software Engineering II.
260 ## - PUBLICATION, DISTRIBUTION, ETC. (IMPRINT)
Place of publication, distribution, etc. UK.
Name of publisher, distributor, etc. springer.
Date of publication, distribution, etc. 2002.
300 ## - PHYSICAL DESCRIPTION
Extent x,317p;
Other physical details ill;
Dimensions 24cm.
504 ## - BIBLIOGRAPHY, ETC. NOTE
Bibliography, etc references and index are included.
650 ## - SUBJECT ADDED ENTRY--TOPICAL TERM
Topical term or geographic name as entry element Software Engineering.
9 (RLIN) 565
942 ## - ADDED ENTRY ELEMENTS (KOHA)
Source of classification or shelving scheme Dewey Decimal Classification
Koha item type Open Shelf
Holdings
Withdrawn status Lost status Source of classification or shelving scheme Damaged status Not for loan Home library Current library Date acquired Source of acquisition Inventory number Total Checkouts Full call number Barcode Date last seen Price effective from Koha item type
    Dewey Decimal Classification     MUST Main Library MUST Main Library 22/08/2016   11/33584   005.1AGE 2002. 2016-3801 22/08/2016 22/08/2016 Open Shelf
    Dewey Decimal Classification     MUST Main Library MUST Main Library 22/08/2016   11/33585   005.1AGE 2002. 2016-3802 22/08/2016 22/08/2016 Open Shelf
    Dewey Decimal Classification     MUST Main Library MUST Main Library 22/08/2016   11/33586   005.1AGE 2002. 2016-3803 22/08/2016 22/08/2016 Open Shelf
    Dewey Decimal Classification     MUST Main Library MUST Main Library 22/08/2016   11/33666   005.1AGE 2002. 2016-3804 22/08/2016 22/08/2016 Open Shelf